[Event "Havana Guillermo Soto Memorial"]
[Site "Havana"]
[Date "2007.06.25"]
[Round "2"]
[White "Santiesteban Cespedes, Gilner"]
[Black "Cespedes Beltran, Manuel"]
[Result "1/2-1/2"]
[WhiteElo "2218"]
[BlackElo "2208"]
[PlyCount "57"]
[EventDate "2007.06.18"]
[EventType "tourn"]
[EventRounds "14"]
[EventCountry "CUB"]
[SourceTitle "EXT 2019"]
[Source "ChessBase"]
[SourceDate "2018.10.10"]
[SourceVersion "1"]
[SourceVersionDate "2018.10.10"]
[SourceQuality "1"]

1. e4 c5 2. Nf3 e6 3. d4 cxd4 4. Nxd4 Nf6 5. Nc3 Nc6 6. Be3 Bb4 7. Bd3 d5 8. Nxc6 bxc6 9. e5 Nd7 10. Qg4 Bf8 11. f4 Rb8 12. 0-0 Rxb2 13. Rab1 Rxb1 14. Rxb1 f5 15. exf6 Qxf6 16. Ne2 Bc5 17. Bxc5 Nxc5 18. Qh5+ g6 19. Qh6 Qf8 20. Qg5 Qg7 21. h4 0-0 22. h5 Nxd3 23. h6 Qc7 24. cxd3 c5 25. Qg3 d4 26. Qf3 Qd6 27. Qa8 Qc7 28. Qe4 Qd6 29. Qa8 1/2-1/2

[Event "Havana Guillermo Soto Memorial"]
[Site "Havana"]
[Date "2007.06.22"]
[Round "1"]
[White "Cespedes Beltran, Manuel"]
[Black "Leonard Torres, Pedro"]
[Result "1-0"]
[WhiteElo "2208"]
[BlackElo "2232"]
[PlyCount "65"]
[EventDate "2007.06.18"]
[EventType "tourn"]
[EventRounds "14"]
[EventCountry "CUB"]
[SourceTitle "EXT 2019"]
[Source "ChessBase"]
[SourceDate "2018.10.10"]
[SourceVersion "1"]
[SourceVersionDate "2018.10.10"]
[SourceQuality "1"]

1. e4 c5 2. Nf3 e6 3. d4 cxd4 4. Nxd4 Nc6 5. Nc3 a6 6. g3 Nf6 7. Bg2 Bc5 8. Nb3 Be7 9. a4 0-0 10. 0-0 Qc7 11. Qe2 d6 12. a5 Bd7 13. f4 Rac8 14. Be3 Nb4 15. Rad1 Bc6 16. g4 d5 17. Bb6 Qb8 18. exd5 Nfxd5 19. Nxd5 Bxd5 20. Bxd5 Nxd5 21. Rxd5 exd5 22. Qxe7 Rfe8 23. Qg5 Rxc2 24. Bd4 f6 25. Bxf6 Qc7 26. Be5 h6 27. Qg6 Rxe5 28. fxe5 Rxb2 29. Qe6+ Kh7 30. Qf5+ Kg8 31. Rc1 Qd8 32. Rc8 Rb1+ 33. Nc1 1-0

[Event "Havana Guillermo Soto Memorial"]
[Site "Havana"]
[Date "2007.06.21"]
[Round "1"]
[White "Larrua Gonzalez, Fernando Oscar"]
[Black "Cespedes Beltran, Manuel"]
[Result "1/2-1/2"]
[WhiteElo "2245"]
[BlackElo "2208"]
[PlyCount "125"]
[EventDate "2007.06.18"]
[EventType "tourn"]
[EventRounds "14"]
[EventCountry "CUB"]
[SourceTitle "EXT 2019"]
[Source "ChessBase"]
[SourceDate "2018.10.10"]
[SourceVersion "1"]
[SourceVersionDate "2018.10.10"]
[SourceQuality "1"]

1. e4 c5 2. Nf3 e6 3. d4 cxd4 4. Nxd4 Nf6 5. Nc3 Nc6 6. Nxc6 bxc6 7. Bd3 d5 8. 0-0 a6 9. Qf3 Bb7 10. Re1 d4 11. Ne2 c5 12. Bg5 Be7 13. Ng3 Nd7 14. Bxe7 Qxe7 15. Qg4 g6 16. e5 h5 17. Qe2 h4 18. Nf1 h3 19. g3 Rh5 20. f4 Nb6 21. Nd2 Kf8 22. Be4 Nd5 23. Qf3 Rb8 24. Nc4 Nb4 25. Nd6 Bxe4 26. Qxe4 Nd5 27. a3 Kg7 28. b3 Rd8 29. Nc4 Rf5 30. Nd6 Rh5 31. Rf1 f5 32. Qe2 Qa7 33. Qf3 Rhh8 34. Rae1 Qa8 35. Rf2 Rd7 36. g4 Rh4 37. gxf5 gxf5 38. Kf1 Rg4 39. Qxh3 Nxf4 40. Qf3 Qxf3 41. Rxf3 Kf8 42. Rg3 Rdg7 43. Kf2 Rxg3 44. hxg3 Nd5 45. Rh1 Ne3 46. Rh8+ Ke7 47. Nc4 Ng4+ 48. Kf3 a5 49. Ra8 Kf7 50. Rxa5 Kg6 51. Ra6 Rh7 52. Rxe6+ Kg5 53. Re8 Nh2+ 54. Kg2 Kg6 55. Rg8+ Kf7 56. Rg5 Ke6 57. Rg6+ Kd5 58. Rd6+ Ke4 59. e6 Nf3 60. Rd7 Rh2+ 61. Kf1 Rh1+ 62. Kg2 Rh2+ 63. Kf1 1/2-1/2